Campaigns for peace : British peace movements in the twentieth century /

Bibliographic Details
Other Authors: Taylor, Richard, 1945-, Young, Nigel
Format: Book
Language:English
Published: Manchester, UK : Manchester University Press ; [1987]
Subjects:

MARC

Tag First Indicator Second Indicator Subfields
LEADER 00000cam a2200000 a 4500
001 in00000031278
005 20151007060350.0
008 871021s1987 enk b 00100 eng
010 |a  87030980  
020 |a 0719018927 
035 |a (OCoLC)17107842 
035 |9 AAC0672AM 
040 |a DLC  |c DLC  |d TXA  |d UtOrBLW 
043 |a e-uk--- 
049 |a TXAM  |c [A11032708] 
050 0 0 |a JX1961.G7  |b C36 1987 
082 0 |a 327.1/72/0941  |2 19 
245 0 0 |a Campaigns for peace :  |b British peace movements in the twentieth century /  |c edited by Richard Taylor and Nigel Young. 
264 1 |a Manchester, UK :  |b Manchester University Press ;  |c [1987] 
264 2 |a New York :  |b Distributed exclusively in the USA and Canada by St. Martin's Press, 
264 4 |c ©1987 
300 |a x, 308 pages ;  |c 23 cm. 
336 |a text  |b txt  |2 rdacontent 
337 |a unmediated  |b n  |2 rdamedia 
338 |a volume  |b nc  |2 rdacarrier 
504 |a Includes bibliographies and index. 
650 0 |a Peace  |x Societies, etc.  |x History. 
650 0 |a Antinuclear movement  |z Great Britain  |x History. 
651 0 |a Great Britain  |x Politics and government  |y 20th century. 
700 1 |a Taylor, Richard,  |d 1945- 
700 1 |a Young, Nigel. 
999 |a MARS 
999 f f |s b117ba69-4371-396c-adef-8470be211f24  |i 8eaac864-9d00-3aaa-a64f-950104f16db6  |t 0 
952 f f |p ric  |a Texas A&M University  |b Rellis Campus  |c Joint Library Facility  |d Remote Storage  |t 0  |e JX1961.G7 C36 1987  |h Library of Congress classification  |i unmediated -- volume  |m A14811032708 
998 f f |a JX1961.G7 C36 1987  |t 0  |l Remote Storage